[Event "Regionalliga NO 0001"]
[Site "Bayern"]
[Date "2001.04.01"]
[Round "8"]
[White "Paskuy, Werner"]
[Black "Heumann, Joern"]
[Result "1/2-1/2"]
[WhiteElo "1965"]
[BlackElo "2050"]
[PlyCount "38"]
[EventDate "2000.10.15"]
[EventType "team-tourn"]
[EventRounds "9"]
[EventCountry "GER"]
[SourceTitle "EXT 2020"]
[Source "ChessBase"]
[SourceDate "2019.10.17"]
[SourceVersion "1"]
[SourceVersionDate "2019.10.17"]
[SourceQuality "1"]
[WhiteTeam "Regensburg Bavaria"]
[BlackTeam "Regensburg Fortuna II"]
[WhiteTeamCountry "GER"]
[BlackTeamCountry "GER"]

1. e4 c5 2. c3 Nf6 3. e5 Nd5 4. d4 cxd4 5. cxd4 e6 6. Nf3 b6 7. a3 Be7 8. Nc3 Nxc3 9. bxc3 Qc7 10. Qb3 Bb7 11. Be2 0-0 12. Bd2 d6 13. 0-0 Nd7 14. exd6 Bxd6 15. c4 Rac8 16. Bb4 Rfd8 17. Bxd6 Qxd6 18. Rfd1 Qf4 19. Qe3 Qxe3 1/2-1/2

[Event "Regionalliga NO 0001"]
[Site "Bayern"]
[Date "2000.11.12"]
[Round "2.4"]
[White "Gradl, Winfried"]
[Black "Heumann, Joern"]
[Result "0-1"]
[WhiteElo "2065"]
[BlackElo "2050"]
[PlyCount "114"]
[EventDate "2000.10.15"]
[EventType "team-tourn"]
[EventRounds "9"]
[EventCountry "GER"]
[SourceTitle "EXT 2020"]
[Source "ChessBase"]
[SourceDate "2019.10.17"]
[SourceVersion "1"]
[SourceVersionDate "2019.10.17"]
[SourceQuality "1"]
[WhiteTeam "Weiden"]
[BlackTeam "Regensburg Fortuna II"]
[WhiteTeamCountry "GER"]
[BlackTeamCountry "GER"]

1. d4 Nf6 2. c4 e6 3. Nf3 Bb4+ 4. Bd2 Qe7 5. g3 Nc6 6. Bg2 Bxd2+ 7. Nbxd2 d6 8. 0-0 0-0 9. e4 e5 10. d5 Nb8 11. b4 a5 12. a3 Na6 13. Qe2 Bg4 14. Rab1 axb4 15. axb4 g6 16. Qe3 Nd7 17. h3 Bxf3 18. Nxf3 Kg7 19. h4 h6 20. Bh3 Rae8 21. h5 Nf6 22. hxg6 fxg6 23. Nh4 Nh7 24. Bf5 gxf5 25. Nxf5+ Rxf5 26. exf5 Ng5 27. f4 exf4 28. Qxe7+ Rxe7 29. f6+ Kxf6 30. Rxf4+ Kg7 31. Kg2 Re2+ 32. Rf2 Rxf2+ 33. Kxf2 Kf6 34. Ke3 Nf7 35. Kd4 h5 36. c5 Kg5 37. cxd6 Nxd6 38. b5 Nf5+ 39. Ke5 Nc5 40. b6 Nd7+ 41. Ke6 Nxb6 42. Rc1 Nd4+ 43. Ke5 Nb5 44. Rb1 Nc4+ 45. Ke6 Ncd6 46. Rc1 Kg4 47. Rh1 c6 48. dxc6 bxc6 49. Rh4+ Kg5 50. Rf4 c5 51. Kd5 c4 52. Rh4 c3 53. Rh2 Nf5 54. Kc4 c2 55. Rh1 Nbd4 56. Kd3 Nxg3 57. Rg1 Nde2 0-1

[Event "Landesliga Nord 9900"]
[Site "Bayern"]
[Date "2000.04.09"]
[Round "9.8"]
[White "Mikuta, Alexander"]
[Black "Heumann, Joern"]
[Result "0-1"]
[WhiteElo "1675"]
[BlackElo "2030"]
[PlyCount "76"]
[EventDate "1999.10.10"]
[EventType "team-tourn"]
[EventRounds "9"]
[EventCountry "GER"]
[SourceTitle "EXT 2020"]
[Source "ChessBase"]
[SourceDate "2019.10.17"]
[SourceVersion "1"]
[SourceVersionDate "2019.10.17"]
[SourceQuality "1"]
[WhiteTeam "Bamberg SC II"]
[BlackTeam "Regensburg Fortuna"]
[WhiteTeamCountry "GER"]
[BlackTeamCountry "GER"]

1. Nf3 Nf6 2. d4 e6 3. g3 Be7 4. Bg2 0-0 5. 0-0 d5 6. Nbd2 b6 7. c3 Bb7 8. Re1 c5 9. Ne5 Nbd7 10. Nxd7 Qxd7 11. Nf3 Rac8 12. e3 Rfd8 13. a4 a6 14. Ne5 Qc7 15. Bd2 Ne4 16. Nd3 Bf8 17. f3 Nxd2 18. Qxd2 g6 19. Re2 Bg7 20. f4 Qd6 21. Bh3 Bc6 22. a5 cxd4 23. exd4 Bb5 24. Re3 Rb8 25. axb6 Qxb6 26. b4 Ra8 27. Nc5 Rdc8 28. Qa2 Bf8 29. Qa5 Qc6 30. Nxe6 fxe6 31. Bxe6+ Kg7 32. Bxc8 Rxc8 33. Rae1 Qd7 34. Qa2 Rc4 35. Qg2 Rc7 36. g4 Qd6 37. f5 Rf7 38. Re6 Qf4 0-1

[Event "Landesliga Nord 9900"]
[Site "Bayern"]
[Date "2000.02.20"]
[Round "6.8"]
[White "Dietrich, Reinhard"]
[Black "Heumann, Joern"]
[Result "1-0"]
[WhiteElo "2094"]
[BlackElo "2030"]
[PlyCount "57"]
[EventDate "1999.10.10"]
[EventType "team-tourn"]
[EventRounds "9"]
[EventCountry "GER"]
[SourceTitle "EXT 2020"]
[Source "ChessBase"]
[SourceDate "2019.10.17"]
[SourceVersion "1"]
[SourceVersionDate "2019.10.17"]
[SourceQuality "1"]
[WhiteTeam "Neutraubling"]
[BlackTeam "Regensburg Fortuna"]
[WhiteTeamCountry "GER"]
[BlackTeamCountry "GER"]

1. e4 c5 2. Nf3 Nc6 3. Nc3 Nf6 4. e5 Ng4 5. Qe2 Qc7 6. d4 cxd4 7. Nb5 Qb8 8. Bf4 f6 9. 0-0-0 Ngxe5 10. Kb1 d6 11. Nbxd4 Bd7 12. Bg3 Qc7 13. Nh4 0-0-0 14. Qe3 Nxd4 15. Rxd4 Qb6 16. Qd2 Nc6 17. Rd3 e5 18. f4 Be7 19. Bf2 Qb4 20. Qe2 Be6 21. Rc3 Kb8 22. f5 Bf7 23. g4 d5 24. Rb3 Qa4 25. Qd1 a6 26. Bb6 Rc8 27. Bf2 d4 28. c4 Na5 29. Rxb7+ 1-0